000 00683nam a2200217 i 4500
001 40185
003 ES-MaACL
005 20230906160145.0
007 t|
008 030305s1971 sp ||||1| baq d
245 0 0 _aKardaveraz aitari omenaldia /
_cJazinto Argaia ... [et al.].
260 _aDonosti :
_bKardaberaz Bazkuna,
_c1971.
300 _a198 p., 4 lám. pleg. ;
_c22 cm.
490 1 _aKardaberaz Bilduma ;
_v1
504 _aBibliografía.
700 1 _aArgaia, Jazinto
_c, Obispo de San Sebastián.
_922672
700 1 _aCardaberaz, Agustín.
_935115
830 0 _aKardaberaz Bilduma ;
_v1
_9181842
852 _aES-MaACL
_jC-46288
_bR.81882
999 _c40185
_d40185